Celeste Breeze Contest: Heartside Flag Order - Statistics

General Stats
  • This quiz has been taken 13 times
  • The average score is 24 of 74
Answer Stats
Flag Answer % Correct
74 Mechanical Forest
91%
1 The Nothing Man: Full Album
64%
3 Lönnland
55%
2 Par for the Course
55%
11 apartment complex in time
45%
72 Aspen Cliffs
45%
10 Awake
45%
4 celeste CHAPTER 6: Badeline Fight
45%
5 Press Forward
45%
26 Sunset District
45%
35 The Lake Society
45%
12 ASMODEUS ETERNAL
36%
70 A Windy Winter Walk
36%
71 Battery Saver
36%
9 Club Pinwheel
36%
73 Corrupted Ridge
36%
40 Deeper
36%
36 Detour
36%
48 Dreamy Building
36%
69 It all goes downhill from here
36%
25 It's as shrimple as that
36%
49 Minimal
36%
19 Mirage
36%
65 Overlook
36%
16 Past Sense
36%
37 Revibe
36%
34 The Kármán Line
36%
68 The Wonderful Outdoors
36%
7 Airplane Arms
27%
59 As Autumn Colors Fall
27%
38 Assume a spherical Madeline in a frictionless vacuum
27%
17 Blue Emperor
27%
23 Brave the Storm
27%
64 Breath of Fresh Air
27%
63 Breeze Contest Map!
27%
28 Childhood
27%
56 Clementine Clouds
27%
42 DARK VOID
27%
46 Deep Down
27%
54 D.S.C.E.T
27%
27 Fluorescent Lakeside
27%
58 Hyacinth
27%
18 Inconsequential
27%
39 joyride
27%
29 Last Hike
27%
50 Madeline goes to the well at UNC Chapel Hill
27%
60 Marble Skies
27%
47 Mercury's Shade
27%
20 Multi-Instancing
27%
43 Oblivion City
27%
14 orthogonal wall ocean
27%
32 Otherworld City
27%
53 pansear's platforming challenge
27%
22 Peribonk
27%
33 Pressure
27%
8 Rainy Highlands
27%
62 Roundabout Square
27%
31 Runaway
27%
21 Saffaiblir
27%
55 Shrine of Sol
27%
52 Shutting%Down
27%
41 Smoke and Mirrors
27%
30 Sunburn Spire
27%
13 Symmetry
27%
44 The Abstract Concept of a Shattered Square
27%
61 The City of GoldCrest
27%
15 The floor is L.A.V.A
27%
57 The Future of Public Transportation
27%
67 The Ice Age
27%
24 tnt
27%
6 Twilight Afterglow
27%
51 Voidbound
27%
66 Wanderer of a Forgotten World
27%
45 Erased City
18%
No matching quizzes found
Score Distribution
Percent of People with Each Score
Percentile by Number Answered
Your Score History
You have not taken this quiz